Loading...
Statistics for biologists
| Main Author: | |
|---|---|
| Format: | Printed Book |
| Language: | Undetermined English |
| Published: |
Cambridge
Cambridge University Press
1967
|
| Subjects: |
| LEADER | 00583nam a2200181Ia 4500 | ||
|---|---|---|---|
| 008 | 140306s9999 xx 000 0 und d | ||
| 041 | |a eng | ||
| 082 | |a 519.502 457 4 |b CAM | ||
| 100 | |a Campbell, R C | ||
| 245 | |a Statistics for biologists | ||
| 260 | |a Cambridge |b Cambridge University Press |c 1967 | ||
| 300 | |a 238 | ||
| 650 | |a Random selection | ||
| 650 | |a Statistics | ||
| 650 | |a Surveys | ||
| 942 | |2 ddc |c BK | ||
| 999 | |c 51812 |d 51812 | ||
| 952 | |0 0 |1 0 |2 ddc |4 0 |6 519_502000000000000_457_4_CAM |7 0 |9 68137 |a KAUACV |b KAUACV |d 2004-05-05 |o 519.502 457 4 CAM |p KAU_ACV-7062 |r 2014-03-22 |w 2014-03-22 |y BK | ||